000 00246nam a2200109Ia 4500
008 210430s9999 xx 000 0 und d
082 _a657.0285 M2661C
245 _aCAT Interactive Text
260 _c2007
300 _a404p.
942 _cBK
_2ddc
999 _c565549
_d565549